[Event "Grand Swiss "]
[Date "2025.09.05"]
[White "Indjic, Aleksandar"]
[Black "Jobava, Baadur"]
[WhiteElo "2650"]
[BlackElo "2590"]
[Round "2.2.53"]
[Result "1/2-1/2"]

1. d4 {[%clk 01:40:46] [%emt 00:00:13]} d5 {[%clk 01:40:36] [%emt 00:00:24]} 2.
c4 {[%clk 01:41:08] [%emt 00:00:08]} dxc4 {[%clk 01:40:46] [%emt 00:00:21]} 3.
e4 {[%clk 01:41:11] [%emt 00:00:26]} e5 {[%clk 01:40:42] [%emt 00:00:33]} 4. Nf3
{[%clk 01:41:09] [%emt 00:00:33]} Bb4+ {[%clk 01:40:53] [%emt 00:00:20]} 5. Nc3
{[%clk 01:41:00] [%emt 00:00:38]} exd4 {[%clk 01:40:59] [%emt 00:00:25]} 6. Nxd4
{[%clk 01:41:11] [%emt 00:00:19]} Ne7 {[%clk 01:40:31] [%emt 00:00:57]} 7. Bxc4
{[%clk 01:41:03] [%emt 00:00:38]} Nbc6 {[%clk 01:40:20] [%emt 00:00:42]} 8. Be3
{[%clk 01:29:29] [%emt 00:12:04]} O-O {[%clk 01:37:17] [%emt 00:03:32]} 9. O-O
{[%clk 01:24:23] [%emt 00:05:36]} Nxd4 {[%clk 01:37:15] [%emt 00:00:33]} 10.
Bxd4 {[%clk 01:24:43] [%emt 00:00:09]} Nc6 {[%clk 01:37:13] [%emt 00:00:32]} 11.
Be3 {[%clk 01:25:07] [%emt 00:00:06]} Bxc3 {[%clk 01:35:58] [%emt 00:01:45]} 12.
bxc3 {[%clk 01:25:30] [%emt 00:00:08]} Qxd1 {[%clk 01:36:09] [%emt 00:00:18]}
13. Rfxd1 {[%clk 01:25:56] [%emt 00:00:04]} Na5 {[%clk 01:36:26] [%emt
00:00:13]} 14. Bd5 {[%clk 01:24:45] [%emt 00:01:41]} c6 {[%clk 01:12:55] [%emt
00:24:00]} 15. Bb3 {[%clk 01:25:10] [%emt 00:00:06]} b6 {[%clk 01:05:09] [%emt
00:08:17]} 16. f3 {[%clk 01:23:40] [%emt 00:02:00]} h5 {[%clk 00:55:30] [%emt
00:10:08]} 17. Kf2 {[%clk 01:21:10] [%emt 00:03:00]} Nxb3 {[%clk 00:41:25] [%emt
00:14:35]} 18. axb3 {[%clk 01:21:32] [%emt 00:00:09]} c5 {[%clk 00:40:56] [%emt
00:00:59]} 19. b4 {[%clk 01:21:04] [%emt 00:00:58]} cxb4 {[%clk 00:41:02] [%emt
00:00:24]} 20. cxb4 {[%clk 01:21:28] [%emt 00:00:06]} Be6 {[%clk 00:40:54] [%emt
00:00:38]} 21. Rdc1 {[%clk 01:20:25] [%emt 00:01:33]} Rfc8 {[%clk 00:32:39]
[%emt 00:08:45]} 22. Rxc8+ {[%clk 01:20:11] [%emt 00:00:44]} Rxc8 {[%clk
00:33:03] [%emt 00:00:06]} 23. Rxa7 {[%clk 01:20:36] [%emt 00:00:05]} Rc2+
{[%clk 00:33:20] [%emt 00:00:12]} 24. Kg1 {[%clk 01:19:33] [%emt 00:01:33]} Rb2
{[%clk 00:33:43] [%emt 00:00:07]} 25. Rb7 {[%clk 01:17:39] [%emt 00:02:24]} Rxb4
{[%clk 00:34:06] [%emt 00:00:08]} 26. Rxb6 {[%clk 01:18:04] [%emt 00:00:04]}
Rxb6 {[%clk 00:34:32] [%emt 00:00:04]} 27. Bxb6 {[%clk 01:18:26] [%emt
00:00:09]} Bc8 {[%clk 00:35:00] [%emt 00:00:02]} 28. Kf2 {[%clk 01:18:49] [%emt
00:00:06]} Be6 {[%clk 00:35:27] [%emt 00:00:03]} 29. Kg3 {[%clk 01:19:04] [%emt
00:00:15]} g6 {[%clk 00:35:36] [%emt 00:00:21]} 30. Bd8 {[%clk 01:19:19] [%emt
00:00:15]} Bc4 {[%clk 00:36:00] [%emt 00:00:06]} 31. Kf4 {[%clk 01:19:16] [%emt
00:00:32]} Bf1 {[%clk 00:36:16] [%emt 00:00:15]} 32. g3 {[%clk 01:19:02] [%emt
00:00:44]} Be2 {[%clk 00:36:39] [%emt 00:00:07]} 33. Ke3 {[%clk 01:19:28] [%emt
00:00:04]} Bd1 {[%clk 00:37:03] [%emt 00:00:06]} 1/2-1/2

[Site "Europe Echecs"]

[Event "Grand Swiss "]
[Date "2025.09.05"]
[White "Goryachkina, Aleksandra"]
[Black "Bacrot, Etienne"]
[WhiteElo "2528"]
[BlackElo "2637"]
[Round "2.2.54"]
[Result "1/2-1/2"]

1. e4 {[%clk 01:40:53] [%emt 00:00:06]} e6 {[%clk 01:40:55] [%emt 00:00:05]} 2.
d4 {[%clk 01:41:07] [%emt 00:00:17]} d5 {[%clk 01:41:20] [%emt 00:00:04]} 3. Nc3
{[%clk 01:41:06] [%emt 00:00:31]} Nf6 {[%clk 01:41:43] [%emt 00:00:07]} 4. e5
{[%clk 01:41:12] [%emt 00:00:25]} Nfd7 {[%clk 01:42:07] [%emt 00:00:06]} 5. f4
{[%clk 01:41:08] [%emt 00:00:33]} c5 {[%clk 01:42:31] [%emt 00:00:06]} 6. Nf3
{[%clk 01:41:25] [%emt 00:00:14]} Nc6 {[%clk 01:42:56] [%emt 00:00:05]} 7. Be3
{[%clk 01:41:38] [%emt 00:00:16]} a6 {[%clk 01:43:18] [%emt 00:00:09]} 8. Ne2
{[%clk 01:40:19] [%emt 00:01:48]} Qb6 {[%clk 01:42:48] [%emt 00:01:00]} 9. Qc1
{[%clk 01:39:27] [%emt 00:01:22]} Be7 {[%clk 01:42:44] [%emt 00:00:34]} 10. c3
{[%clk 01:38:08] [%emt 00:01:50]} f6 {[%clk 01:42:57] [%emt 00:00:16]} 11. h4
{[%clk 01:37:06] [%emt 00:01:32]} O-O {[%clk 01:41:31] [%emt 00:01:56]} 12. h5
{[%clk 01:36:33] [%emt 00:01:04]} h6 {[%clk 01:41:28] [%emt 00:00:33]} 13. Rh3
{[%clk 01:33:32] [%emt 00:03:30]} Rf7 {[%clk 01:41:31] [%emt 00:00:27]} 14. Kf2
{[%clk 01:31:53] [%emt 00:02:09]} fxe5 {[%clk 01:41:11] [%emt 00:00:51]} 15.
dxe5 {[%clk 01:31:28] [%emt 00:00:54]} d4 {[%clk 01:30:42] [%emt 00:10:59]} 16.
cxd4 {[%clk 01:30:16] [%emt 00:01:43]} cxd4 {[%clk 01:31:06] [%emt 00:00:06]}
17. Nexd4 {[%clk 01:28:00] [%emt 00:02:46]} Bc5 {[%clk 01:31:07] [%emt
00:00:28]} 18. Nb3 {[%clk 01:26:38] [%emt 00:01:52]} Bxe3+ {[%clk 01:30:48]
[%emt 00:00:50]} 19. Qxe3 {[%clk 01:27:00] [%emt 00:00:08]} Rxf4 {[%clk
01:31:13] [%emt 00:00:04]} 20. Qxb6 {[%clk 01:26:44] [%emt 00:00:47]} Nxb6
{[%clk 01:31:40] [%emt 00:00:03]} 21. Re1 {[%clk 01:26:08] [%emt 00:01:06]} Rb4
{[%clk 01:17:54] [%emt 00:14:15]} 22. Kg3 {[%clk 01:05:30] [%emt 00:21:08]} Na4
{[%clk 01:10:01] [%emt 00:08:23]} 23. Rh4 {[%clk 01:04:40] [%emt 00:01:21]} Rxh4
{[%clk 01:09:03] [%emt 00:01:27]} 24. Nxh4 {[%clk 00:46:58] [%emt 00:18:12]} Bd7
{[%clk 01:04:07] [%emt 00:05:26]} 25. Ng6 {[%clk 00:42:49] [%emt 00:04:39]} Rd8
{[%clk 01:03:59] [%emt 00:00:38]} 26. Be2 {[%clk 00:34:43] [%emt 00:08:37]} Be8
{[%clk 00:58:26] [%emt 00:06:02]} 27. Nf4 {[%clk 00:25:54] [%emt 00:09:20]} Nxe5
{[%clk 00:52:27] [%emt 00:06:29]} 28. Bxa6 {[%clk 00:16:26] [%emt 00:09:58]}
bxa6 {[%clk 00:52:44] [%emt 00:00:13]} 29. Rxe5 {[%clk 00:16:50] [%emt
00:00:06]} Nxb2 {[%clk 00:52:58] [%emt 00:00:16]} 30. Rxe6 {[%clk 00:14:07]
[%emt 00:03:13]} Nd3 {[%clk 00:53:10] [%emt 00:00:18]} 31. Rxa6 {[%clk 00:09:57]
[%emt 00:04:40]} Nxf4 {[%clk 00:52:24] [%emt 00:01:16]} 1/2-1/2

[Site "Europe Echecs"]

[Event "Grand Swiss "]
[Date "2025.09.05"]
[White "Amin, Bassem"]
[Black "Abdisalimov, Abdimalik"]
[WhiteElo "2636"]
[BlackElo "2488"]
[Round "2.2.55"]
[Result "1-0"]

1. Nf3 {[%clk 01:40:15] [%emt 00:00:43]} c5 {[%clk 01:40:42] [%emt 00:00:19]} 2.
c4 {[%clk 01:39:36] [%emt 00:01:10]} Nc6 {[%clk 01:38:53] [%emt 00:02:18]} 3.
Nc3 {[%clk 01:39:00] [%emt 00:01:06]} g6 {[%clk 01:36:23] [%emt 00:03:00]} 4. e3
{[%clk 01:38:35] [%emt 00:00:54]} Nf6 {[%clk 01:33:03] [%emt 00:03:50]} 5. d4
{[%clk 01:38:17] [%emt 00:00:48]} cxd4 {[%clk 01:33:27] [%emt 00:00:06]} 6. exd4
{[%clk 01:38:43] [%emt 00:00:05]} d5 {[%clk 01:33:51] [%emt 00:00:05]} 7. cxd5
{[%clk 01:38:58] [%emt 00:00:15]} Nxd5 {[%clk 01:34:14] [%emt 00:00:07]} 8. Qb3
{[%clk 01:38:47] [%emt 00:00:40]} Nxc3 {[%clk 01:34:26] [%emt 00:00:18]} 9. Bc4
{[%clk 01:38:39] [%emt 00:00:38]} e6 {[%clk 01:27:28] [%emt 00:07:28]} 10. bxc3
{[%clk 01:38:52] [%emt 00:00:17]} Bd7 {[%clk 01:24:41] [%emt 00:03:18]} 11. Be2
{[%clk 01:37:02] [%emt 00:02:20]} Na5 {[%clk 01:25:04] [%emt 00:00:06]} 12. Qb1
{[%clk 01:36:35] [%emt 00:00:56]} Bg7 {[%clk 01:25:20] [%emt 00:00:14]} 13. Ba3
{[%clk 01:35:13] [%emt 00:01:53]} Bf8 {[%clk 01:25:47] [%emt 00:00:03]} 14. Bxf8
{[%clk 01:34:20] [%emt 00:01:22]} Kxf8 {[%clk 01:26:04] [%emt 00:00:13]} 15. h4
{[%clk 01:34:06] [%emt 00:00:45]} h5 {[%clk 01:09:49] [%emt 00:16:45]} 16. O-O
{[%clk 01:32:04] [%emt 00:02:32]} Kg7 {[%clk 01:08:52] [%emt 00:01:27]} 17. c4
{[%clk 01:05:28] [%emt 00:27:05]} Qf6 {[%clk 01:00:06] [%emt 00:09:16]} 18. Rd1
{[%clk 00:58:12] [%emt 00:07:47]} Rhd8 {[%clk 00:59:13] [%emt 00:01:23]} 19. Qb4
{[%clk 00:32:41] [%emt 00:26:00]} b6 {[%clk 00:57:38] [%emt 00:02:06]} 20. Rac1
{[%clk 00:30:48] [%emt 00:02:23]} Rac8 {[%clk 00:46:42] [%emt 00:11:26]} 21. Ng5
{[%clk 00:27:07] [%emt 00:04:10]} e5 {[%clk 00:27:14] [%emt 00:20:00]} 22. d5
{[%clk 00:24:20] [%emt 00:03:17]} Nb7 {[%clk 00:27:36] [%emt 00:00:08]} 23. Rc3
{[%clk 00:22:33] [%emt 00:02:17]} Qd6 {[%clk 00:26:46] [%emt 00:01:20]} 24. Qb2
{[%clk 00:22:32] [%emt 00:00:30]} Nc5 {[%clk 00:21:59] [%emt 00:05:18]} 25. Rg3
{[%clk 00:23:00] [%emt 00:00:02]} Rh8 {[%clk 00:05:19] [%emt 00:17:10]} 26. f4
{[%clk 00:20:46] [%emt 00:02:44]} Rce8 {[%clk 00:05:44] [%emt 00:00:05]} 27. Nf3
{[%clk 00:15:55] [%emt 00:05:21]} Ne4 {[%clk 00:04:45] [%emt 00:01:29]} 28. fxe5
{[%clk 00:16:10] [%emt 00:00:15]} Qc5+ {[%clk 00:05:11] [%emt 00:00:04]} 29. Kh2
{[%clk 00:16:31] [%emt 00:00:08]} Nxg3 {[%clk 00:03:16] [%emt 00:02:25]} 30. e6+
{[%clk 00:14:37] [%emt 00:02:24]} f6 {[%clk 00:01:38] [%emt 00:02:09]} 31. Kxg3
{[%clk 00:15:01] [%emt 00:00:06]} Bxe6 {[%clk 00:01:05] [%emt 00:01:02]} 32.
dxe6 {[%clk 00:15:24] [%emt 00:00:06]} Qc7+ {[%clk 00:00:33] [%emt 00:01:02]}
33. Kf2 {[%clk 00:11:38] [%emt 00:04:16]} Rxe6 {[%clk 00:01:00] [%emt 00:00:03]}
34. Rd5 {[%clk 00:11:23] [%emt 00:00:45]} Rhe8 {[%clk 00:00:48] [%emt 00:00:43]}
35. Bd3 {[%clk 00:11:48] [%emt 00:00:05]} Qf4 {[%clk 00:00:34] [%emt 00:00:43]}
36. Qd4 {[%clk 00:11:38] [%emt 00:00:41]} Qxd4+ {[%clk 00:00:49] [%emt
00:00:16]} 37. Nxd4 {[%clk 00:11:34] [%emt 00:00:33]} R6e7 {[%clk 00:00:35]
[%emt 00:00:44]} 38. Ne2 {[%clk 00:10:09] [%emt 00:01:56]} Re5 {[%clk 00:00:32]
[%emt 00:00:33]} 39. Nf4 {[%clk 00:10:34] [%emt 00:00:05]} Rxd5 {[%clk 00:00:33]
[%emt 00:00:29]} 40. cxd5 {[%clk 00:10:59] [%emt 00:00:04]} f5 {[%clk 00:00:31]
[%emt 00:00:33]} 41. d6 {[%clk 00:08:10] [%emt 00:03:18]} Kf6 {[%clk 00:00:35]
[%emt 00:00:27]} 42. d7 {[%clk 00:08:21] [%emt 00:00:19]} Rd8 {[%clk 00:47:42]
[%emt 00:03:23]} 43. Bb5 {[%clk 00:58:25] [%emt 00:00:27]} a6 {[%clk 00:48:00]
[%emt 00:00:12]} 44. Bc6 {[%clk 00:58:49] [%emt 00:00:04]} Ke7 {[%clk 00:47:34]
[%emt 00:00:57]} 45. Nxg6+ {[%clk 00:58:50] [%emt 00:00:29]} Kd6 {[%clk
00:47:58] [%emt 00:00:06]} 46. Bf3 {[%clk 00:56:11] [%emt 00:03:09]} Rxd7 {[%clk
00:41:26] [%emt 00:07:03]} 47. Bxh5 {[%clk 00:56:34] [%emt 00:00:07]} b5 {[%clk
00:40:06] [%emt 00:01:50]} 48. Ke3 {[%clk 00:54:05] [%emt 00:02:58]} Rc7 {[%emt
00:08:34]} 49. Bd1 {[%emt 00:02:05]} Rc1 {[%clk 00:26:22] [%emt 00:11:39]} 50.
Be2 b4 {[%emt 00:36:44]} 51. h5 {[%emt 00:02:05]} a5 {[%clk 00:19:50] [%emt
00:00:51]} 52. Nh4 Ke5 {[%emt 00:06:26]} 53. h6 {[%emt 00:11:00]} Rh1 {[%emt
00:01:21]} 54. g3 {[%emt 00:00:18]} f4+ {[%emt 00:00:40]} 55. gxf4+ {[%clk
00:09:52] [%emt 00:00:03]} Kf6 {[%emt 00:00:38]} 56. Nf3 {[%emt 00:00:49]} a4
{[%emt 00:01:36]} 57. Bc4 {[%emt 00:02:05]} Rc1 {[%emt 00:03:04]} 58. Bd5 {[%emt
00:00:10]} b3 {[%clk 00:08:21] [%emt 00:00:03]} 59. axb3 {[%emt 00:06:25]} a3
{[%clk 00:02:17] [%emt 00:00:16]} 60. b4 {[%emt 00:01:50]} Rc2 {[%emt 00:05:59]}
61. Nd4 {[%emt 00:01:22]} Rb2 {[%emt 00:00:54]} 62. b5 {[%emt 00:00:39]} a2
{[%clk 00:15:02]} 63. Bxa2 {[%emt 00:00:08]} Rxa2 {[%clk 00:14:03] [%emt
00:04:44]} 64. Ke4 Rh2 {[%emt 00:02:40]} 65. Kd5 {[%emt 00:03:28]} Rh5+ {[%emt
00:02:03]} 66. Kc6 {[%emt 00:02:22]} Ke7 {[%emt 00:01:19]} 67. Kc7 {[%emt
00:00:13]} Rc5+ {[%emt 00:01:03]} 68. Nc6 {[%clk 00:08:55] [%emt 00:00:14]} Ke6
{[%emt 00:02:49]} 69. f5+ {[%emt 00:02:33]} Kf6 {[%emt 00:00:06]} 70. b6 {[%emt
00:01:06]} Rxf5 {[%emt 00:00:05]} 71. b7 {[%emt 00:04:28]} Rb5 {[%emt 00:00:27]}
72. Ne5 {[%emt 00:01:23]} Rxe5 {[%emt 00:00:05]} 73. b8=Q {[%emt 00:00:11]} Re7+
{[%emt 00:00:45]} 74. Kd6 {[%emt 00:00:03]} Rh7 {[%emt 00:00:27]} 75. Qf8 {[%clk
00:07:24] [%emt 00:00:05]} Kg6 {[%clk 00:04:07] [%emt 00:00:16]} 76. Ke6 Rxh6
{[%emt 00:00:19]} 77. Qg8 {[%emt 00:00:17]} 1-0

[Site "Europe Echecs"]

[Event "Grand Swiss "]
[Date "2025.09.05"]
[White "Ivic, Velimir"]
[Black "Suyarov, Mukhammadzokhid"]
[WhiteElo "2630"]
[BlackElo "2482"]
[Round "2.2.56"]
[Result "1/2-1/2"]

1. Nf3 {[%clk 01:40:49] [%emt 00:00:09]} Nf6 {[%clk 01:40:13] [%emt 00:00:46]}
2. c4 {[%clk 01:41:04] [%emt 00:00:16]} e6 {[%clk 01:40:03] [%emt 00:00:41]} 3.
g3 {[%clk 01:40:33] [%emt 00:01:01]} d5 {[%clk 01:39:14] [%emt 00:01:20]} 4. Bg2
{[%clk 01:40:48] [%emt 00:00:15]} Be7 {[%clk 01:39:13] [%emt 00:00:31]} 5. O-O
{[%clk 01:40:35] [%emt 00:00:42]} O-O {[%clk 01:39:12] [%emt 00:00:32]} 6. b3
{[%clk 01:40:43] [%emt 00:00:21]} c5 {[%clk 01:39:13] [%emt 00:00:29]} 7. d3
{[%clk 01:40:55] [%emt 00:00:18]} Nc6 {[%clk 01:38:24] [%emt 00:01:19]} 8. e3
{[%clk 01:41:12] [%emt 00:00:13]} e5 {[%clk 01:33:33] [%emt 00:05:22]} 9. Nc3
{[%clk 01:40:42] [%emt 00:00:59]} d4 {[%clk 01:32:34] [%emt 00:01:29]} 10. Nd5
{[%clk 01:40:02] [%emt 00:01:10]} dxe3 {[%clk 01:19:46] [%emt 00:13:19]} 11.
Nxe3 {[%clk 01:39:49] [%emt 00:00:42]} Nb4 {[%clk 01:00:39] [%emt 00:19:37]} 12.
Bb2 {[%clk 01:28:20] [%emt 00:11:59]} Nxd3 {[%clk 01:00:10] [%emt 00:00:58]} 13.
Bxe5 {[%clk 01:28:39] [%emt 00:00:12]} Nxe5 {[%clk 00:59:12] [%emt 00:01:29]}
14. Nxe5 {[%clk 01:28:49] [%emt 00:00:19]} Qc7 {[%clk 00:57:12] [%emt 00:02:30]}
15. Nd3 {[%clk 01:27:16] [%emt 00:02:03]} Bd6 {[%clk 00:50:16] [%emt 00:07:25]}
16. Qf3 {[%clk 01:18:46] [%emt 00:08:59]} Rb8 {[%clk 00:48:15] [%emt 00:02:33]}
17. Rad1 {[%clk 01:17:02] [%emt 00:02:14]} b6 {[%clk 00:45:56] [%emt 00:02:49]}
18. Qc6 {[%clk 00:58:01] [%emt 00:19:30]} Qxc6 {[%clk 00:42:25] [%emt 00:04:01]}
19. Bxc6 {[%clk 00:58:17] [%emt 00:00:14]} Be6 {[%clk 00:42:04] [%emt 00:00:51]}
20. f4 {[%clk 00:57:22] [%emt 00:01:25]} Rbc8 {[%clk 00:34:56] [%emt 00:07:38]}
21. Bf3 {[%clk 00:56:22] [%emt 00:01:29]} Rcd8 {[%clk 00:30:34] [%emt 00:04:53]}
22. Kg2 {[%clk 00:49:33] [%emt 00:07:19]} Bc7 {[%clk 00:29:39] [%emt 00:01:22]}
23. f5 {[%clk 00:37:23] [%emt 00:12:43]} Bc8 {[%clk 00:28:35] [%emt 00:01:34]}
24. g4 {[%clk 00:37:35] [%emt 00:00:17]} Rfe8 {[%clk 00:25:39] [%emt 00:03:26]}
25. Rfe1 {[%clk 00:34:49] [%emt 00:03:16]} h6 {[%clk 00:23:40] [%emt 00:02:29]}
26. h4 {[%clk 00:22:32] [%emt 00:12:47]} Kf8 {[%clk 00:18:24] [%emt 00:05:47]}
27. Nd5 {[%clk 00:07:47] [%emt 00:15:15]} Nxd5 {[%clk 00:17:05] [%emt 00:01:49]}
28. Bxd5 {[%clk 00:08:11] [%emt 00:00:05]} h5 {[%clk 00:11:59] [%emt 00:05:36]}
29. gxh5 {[%clk 00:08:20] [%emt 00:00:21]} Bxf5 {[%clk 00:12:10] [%emt
00:00:19]} 30. Nf2 {[%clk 00:08:24] [%emt 00:00:27]} Rxe1 {[%clk 00:07:58] [%emt
00:04:42]} 31. Rxe1 {[%clk 00:08:50] [%emt 00:00:04]} Rd6 {[%clk 00:08:09] [%emt
00:00:19]} 32. Ne4 {[%clk 00:04:22] [%emt 00:04:58]} Bxe4+ {[%clk 00:07:13]
[%emt 00:01:26]} 33. Bxe4 {[%clk 00:04:31] [%emt 00:00:21]} Rd2+ {[%clk
00:07:06] [%emt 00:00:37]} 34. Kf3 {[%clk 00:04:56] [%emt 00:00:05]} Bd8 {[%clk
00:06:29] [%emt 00:01:06]} 35. Re2 {[%clk 00:03:32] [%emt 00:01:55]} Rxe2 {[%clk
00:04:56] [%emt 00:02:03]} 36. Kxe2 {[%clk 00:04:00] [%emt 00:00:01]} Bxh4
{[%clk 00:05:19] [%emt 00:00:07]} 37. Kf3 {[%clk 00:04:12] [%emt 00:00:19]} Ke7
{[%clk 00:05:41] [%emt 00:00:08]} 38. Kg4 {[%clk 00:04:30] [%emt 00:00:12]} Bf6
{[%clk 00:05:49] [%emt 00:00:21]} 39. Kf5 {[%clk 00:04:54] [%emt 00:00:06]}
1/2-1/2

[Site "Europe Echecs"]

[Event "Grand Swiss "]
[Date "2025.09.05"]
[White "Donchenko, Alexander"]
[Black "Divya Deshmukh"]
[WhiteElo "2624"]
[BlackElo "2478"]
[Round "2.2.57"]
[Result "1/2-1/2"]

1. d4 {[%clk 01:40:56] [%emt 00:00:02]} d5 {[%clk 01:40:56] [%emt 00:00:05]} 2.
Nf3 {[%clk 01:40:56] [%emt 00:00:30]} Nf6 {[%clk 01:41:11] [%emt 00:00:15]} 3.
Bf4 {[%clk 01:41:03] [%emt 00:00:23]} e6 {[%clk 01:41:27] [%emt 00:00:15]} 4. e3
{[%clk 01:41:11] [%emt 00:00:22]} c5 {[%clk 01:41:45] [%emt 00:00:12]} 5. Nbd2
{[%clk 01:40:50] [%emt 00:00:50]} Qb6 {[%clk 01:41:55] [%emt 00:00:20]} 6. Rb1
{[%clk 01:39:46] [%emt 00:01:35]} Bd6 {[%clk 01:42:15] [%emt 00:00:08]} 7. dxc5
{[%clk 01:33:47] [%emt 00:06:30]} Qxc5 {[%clk 01:41:57] [%emt 00:00:48]} 8. Bxd6
{[%clk 01:31:18] [%emt 00:03:00]} Qxd6 {[%clk 01:42:21] [%emt 00:00:06]} 9. Bd3
{[%clk 01:31:40] [%emt 00:00:08]} Nbd7 {[%clk 01:36:14] [%emt 00:06:38]} 10. O-O
{[%clk 01:20:14] [%emt 00:11:56]} Nc5 {[%clk 01:28:37] [%emt 00:08:07]} 11. Be2
{[%clk 01:09:37] [%emt 00:11:06]} O-O {[%clk 01:28:01] [%emt 00:01:06]} 12. c4
{[%clk 01:08:40] [%emt 00:01:28]} dxc4 {[%clk 01:14:43] [%emt 00:13:48]} 13.
Nxc4 {[%clk 01:07:30] [%emt 00:01:40]} Qxd1 {[%clk 01:14:52] [%emt 00:00:21]}
14. Rfxd1 {[%clk 01:07:46] [%emt 00:00:12]} b6 {[%emt 00:01:53]} 15. Nfe5 {[%clk
00:57:09] [%emt 00:10:54]} Ba6 {[%clk 01:07:21] [%emt 00:06:53]} 16. f3 {[%clk
00:50:01] [%emt 00:07:38]} Nd5 {[%clk 01:01:19] [%emt 00:06:32]} 17. Kf2 {[%clk
00:45:53] [%emt 00:04:38]} f6 {[%clk 00:48:45] [%emt 00:13:04]} 18. Nc6 {[%clk
00:45:15] [%emt 00:01:07]} Rfc8 {[%clk 00:47:40] [%emt 00:01:35]} 19. Nd4 {[%clk
00:43:35] [%emt 00:02:09]} Nb4 {[%clk 00:47:51] [%emt 00:00:20]} 20. a3 {[%clk
00:41:09] [%emt 00:02:56]} Nbd3+ {[%clk 00:45:17] [%emt 00:03:05]} 21. Bxd3
{[%clk 00:41:30] [%emt 00:00:08]} Nxd3+ {[%clk 00:45:44] [%emt 00:00:03]} 22.
Rxd3 {[%clk 00:41:52] [%emt 00:00:08]} Rxc4 {[%clk 00:45:39] [%emt 00:00:35]}
23. Rd2 {[%clk 00:42:00] [%emt 00:00:22]} Kf7 {[%clk 00:43:00] [%emt 00:03:09]}
24. Ne2 {[%clk 00:39:34] [%emt 00:02:56]} Rc7 {[%clk 00:42:17] [%emt 00:01:13]}
25. Nc3 {[%clk 00:39:56] [%emt 00:00:07]} Ke7 {[%clk 00:42:30] [%emt 00:00:17]}
26. Rbd1 {[%clk 00:40:02] [%emt 00:00:24]} Bc4 {[%clk 00:40:22] [%emt 00:02:38]}
27. Rd4 {[%clk 00:34:31] [%emt 00:06:01]} b5 {[%clk 00:34:00] [%emt 00:06:53]}
28. R1d2 {[%clk 00:29:16] [%emt 00:05:45]} a5 {[%clk 00:28:11] [%emt 00:06:19]}
29. f4 {[%clk 00:26:10] [%emt 00:03:35]} b4 {[%clk 00:23:11] [%emt 00:05:30]}
30. axb4 {[%clk 00:24:04] [%emt 00:02:36]} axb4 {[%clk 00:23:39] [%emt
00:00:03]} 31. Ne4 {[%clk 00:22:48] [%emt 00:01:45]} b3 {[%clk 00:20:48] [%emt
00:03:21]} 32. Nc3 {[%clk 00:16:02] [%emt 00:07:15]} Ra1 {[%clk 00:18:22] [%emt
00:02:57]} 33. Rd1 {[%clk 00:15:03] [%emt 00:01:29]} Rxd1 {[%clk 00:17:27] [%emt
00:01:25]} 34. Rxd1 {[%clk 00:15:27] [%emt 00:00:05]} e5 {[%clk 00:15:32] [%emt
00:02:25]} 35. fxe5 {[%clk 00:12:36] [%emt 00:03:22]} fxe5 {[%clk 00:16:00]
[%emt 00:00:02]} 36. Rc1 {[%clk 00:11:26] [%emt 00:01:39]} Rd7 {[%clk 00:13:14]
[%emt 00:03:16]} 37. Ne4 {[%clk 00:11:08] [%emt 00:00:47]} Bd5 {[%clk 00:12:54]
[%emt 00:00:51]} 38. Nc5 {[%clk 00:08:06] [%emt 00:03:31]} Rc7 {[%clk 00:10:30]
[%emt 00:02:54]} 39. Nxb3 {[%clk 00:05:50] [%emt 00:02:45]} Rb7 {[%clk 00:10:55]
[%emt 00:00:06]} 40. Nd2 {[%clk 00:06:15] [%emt 00:00:05]} Rxb2 {[%clk 00:11:19]
[%emt 00:00:06]} 41. Ke2 {[%clk 00:06:41] [%emt 00:00:04]} 1/2-1/2

[Site "Europe Echecs"]